El derecho a conocer los orígenes en el proyecto adoptivo a casi diez años de la entrada en vigencia del Código Civil y Comercial / (Registro nro. 5840)
[ vista simple ]
| 000 -LEADER | |
|---|---|
| fixed length control field | 01166nab a22002417a 4500 |
| 003 - CONTROL NUMBER IDENTIFIER | |
| control field | OSt |
| 005 - DATE AND TIME OF LATEST TRANSACTION | |
| control field | 20260108013830.0 |
| 008 - FIXED-LENGTH DATA ELEMENTS--GENERAL INFORMATION | |
| fixed length control field | 190514b xxu||||| |||| 00| 0 spa d |
| 040 ## - CATALOGING SOURCE | |
| Transcribing agency | PJ |
| 100 ## - MAIN ENTRY--PERSONAL NAME | |
| 9 (RLIN) | 6739 |
| Personal name | D’Acunto, Claudia Inés |
| 245 13 - TITLE STATEMENT | |
| Title | El derecho a conocer los orígenes en el proyecto adoptivo a casi diez años de la entrada en vigencia del Código Civil y Comercial / |
| Statement of responsibility, etc | Claudia Inés D’Acunto, María Lucila Uzal. |
| 300 ## - PHYSICAL DESCRIPTION | |
| Extent | p. 66-72 |
| 505 ## - FORMATTED CONTENTS NOTE | |
| Formatted contents note | Sumario: I. Introducción.— II. La adopción: principios generales.— III. El derechoa conocer los orígenes.— IV. El derecho a ser oído.— V. La “capacidad progresiva”.— VI. Conclusiones. |
| 505 ## - FORMATTED CONTENTS NOTE | |
| Title | Si te interesa el texto, comunicate a koha@justierradelfuego.gov.ar |
| 650 #0 - SUBJECT ADDED ENTRY--TOPICAL TERM | |
| 9 (RLIN) | 967 |
| Topical term or geographic name as entry element | DERECHO DE FAMILIA |
| 650 #0 - SUBJECT ADDED ENTRY--TOPICAL TERM | |
| 9 (RLIN) | 2741 |
| Topical term or geographic name as entry element | DERECHOS DE LAS NIÑAS, NIÑOS Y ADOLESCENTES |
| 650 #0 - SUBJECT ADDED ENTRY--TOPICAL TERM | |
| 9 (RLIN) | 1497 |
| Topical term or geographic name as entry element | CODIGO CIVIL Y COMERCIAL |
| 650 #0 - SUBJECT ADDED ENTRY--TOPICAL TERM | |
| 9 (RLIN) | 974 |
| Topical term or geographic name as entry element | ADOPCIÓN |
| 650 #0 - SUBJECT ADDED ENTRY--TOPICAL TERM | |
| 9 (RLIN) | 2345 |
| Topical term or geographic name as entry element | DERECHO A LA IDENTIDAD |
| 700 ## - ADDED ENTRY--PERSONAL NAME | |
| 9 (RLIN) | 6738 |
| Personal name | Uzal, María Lucila |
| Función | coautor |
| 773 0# - HOST ITEM ENTRY | |
| Host Biblionumber | 2844 |
| Host Itemnumber | 3222 |
| Place, publisher, and date of publication | Buenos Aires : AbeledoPerrot, 1989- |
| Title | Derecho de familia. N° 119 - Mayo 2025 |
| International Standard Book Number | 18511201 |
| 942 ## - ADDED ENTRY ELEMENTS (KOHA) | |
| Source of classification or shelving scheme | |
| Koha item type | Analítica Artículo de Revista |
No hay ítems disponibles.
